Family planning: the legacy of a healthy living / (Record no. 9774)

MARC details
000 -LEADER
fixed length control field 01087nam a22001697a 4500
005 - DATE AND TIME OF LATEST TRANSACTION
control field 20230620141444.0
008 - FIXED-LENGTH DATA ELEMENTS--GENERAL INFORMATION
fixed length control field 230620b ||||| |||| 00| 0 eng d
020 ## - INTERNATIONAL STANDARD BOOK NUMBER
International Standard Book Number 9789988128333
100 ## - MAIN ENTRY--PERSONAL NAME
9 (RLIN) Asiedu, Christiana.
245 ## - TITLE STATEMENT
Title Family planning: the legacy of a healthy living /
Remainder of title Christiana, Asiedu et al.-
Statement of responsibility, etc. Family planning: the legacy of a healthy living
260 ## - PUBLICATION, DISTRIBUTION, ETC.
Place of publication, distribution, etc. Cape Coast:
Name of publisher, distributor, etc. UCC Press,
Date of publication, distribution, etc. 2008.
300 ## - PHYSICAL DESCRIPTION
Extent xv, 454 p.:
Other physical details ill.;
Dimensions 24 cm.
500 ## - GENERAL NOTE
General note Includes references
505 ## - FORMATTED CONTENTS NOTE
Formatted contents note Contents: Background of population and family planning --Human sexuality / reproductive system -- Concepts of family planning and contraception -- Family planning methods -- Quality family planning services -- Infection prevention -- Making contraceptive decisions and counseling -- Registration at family planning clinic -- Abortion -- Infertility -- Gender -- Adolescence development and health issues -- Sex education -- Teenage pregnancy -- Communicating with the adolescent -- Man as partners.
700 ## - ADDED ENTRY--PERSONAL NAME
Personal name Bilson, Sabina Abena
9 (RLIN) 1755
942 ## - ADDED ENTRY ELEMENTS (KOHA)
Source of classification or shelving scheme Library of Congress Classification
Koha item type Books
Classification part HQ763.5.A83
Holdings
Withdrawn status Lost status Source of classification or shelving scheme Damaged status Not for loan Home library Current library Shelving location Date acquired Total Checkouts Full call number Barcode Date last seen Copy number Price effective from Koha item type
    Library of Congress Classification     WISCONSIN INTERNATIONAL UNIVERSITY COLLEGE, GHANA - MAIN LIBRARY WISCONSIN INTERNATIONAL UNIVERSITY COLLEGE, GHANA - MAIN LIBRARY nursing 20/06/2023   HQ763.5.A83 NURS/722/018/23 20/06/2023 1 20/06/2023 Books
    Library of Congress Classification     WISCONSIN INTERNATIONAL UNIVERSITY COLLEGE, GHANA - MAIN LIBRARY WISCONSIN INTERNATIONAL UNIVERSITY COLLEGE, GHANA - MAIN LIBRARY nursing 20/06/2023   HQ763.5.A831 NURS/723/019/23 20/06/2023 2 20/06/2023 Books
    Library of Congress Classification     WISCONSIN INTERNATIONAL UNIVERSITY COLLEGE, GHANA - MAIN LIBRARY WISCONSIN INTERNATIONAL UNIVERSITY COLLEGE, GHANA - MAIN LIBRARY nursing 20/06/2023   HQ763.5.A832 NURS/724/020/23 20/06/2023 3 20/06/2023 Books

If you have any concerns or questions; kindly contact the library


© Powered by WIUC ICT DIRECTORATE